| 000 | 00724cam a2200217 4500 | ||
|---|---|---|---|
| 001 | 14458 | ||
| 005 | 20230410101948.0 | ||
| 008 | 060907n1965 nyu eng | ||
| 035 | _9funglode14580 | ||
| 041 | _aeng | ||
| 050 | 1 | 4 |
_a118 F 1938.55 _bM254c 1965 |
| 100 | 1 | _aMallin, Jay | |
| 245 | 1 | 0 |
_aCaribbean crisis / _cJay Mallin |
| 260 |
_aNew York : _bDoubleday & Company, _c1965 |
||
| 300 |
_a101 p. _billus. _c19 cm. |
||
| 500 | _aEn la portada: Caribbean crisis: subversion fails in the Dominican Republic. | ||
| 651 | 0 |
_aDominican Republic _xHistory _y1961- |
|
| 651 | 0 |
_aUnited States _xForeign relations _zDominican Republic. |
|
| 651 | 0 |
_aDominican Republic _xForeign relations _zUnited States. |
|
| 942 |
_2lcc _cbk |
||
| 999 |
_c16478 _d16478 |
||